| 000 | 00318nam a2200097Ia 4500 | ||
|---|---|---|---|
| 008 | 220204s9999 xx 000 0 und d | ||
| 082 |
_a058:339.52 _bITC |
||
| 245 | 0 | _aWorld directory of trade promotion organizations and other trade support institutions | |
| 260 |
_aGeneva _bInternational Trade Centre _c2002 |
||
| 942 | _cBK | ||
| 999 |
_c44028 _d44028 |
||